San Isidoro de Sevilla: biografía-escritos-doctrinas

שמור ב:
מידע ביבליוגרפי
מחבר ראשי: Quiles, Ismael (Author)
פורמט: ספר
שפה:ספרדית
יצא לאור: Madrid Espasa-Calpe 1965
מהדורה:2a. ed
סדרה:Coleccion Austral, 527
נושאים:
תגים: הוספת תג
אין תגיות, היה/י הראשונ/ה לתייג את הרשומה!

MARC

LEADER 00000nam a2200000 a 4500
001 UCY4344
003 CL-VaPUC
008 950309e19650000SP |||||||||||||||||spa|d
082 0 4 |a 235.2  |b QUI  |2 21 
100 0 |a Quiles, Ismael  |e author  |9 332749 
245 1 0 |a San Isidoro de Sevilla: biografía-escritos-doctrinas 
250 |a 2a. ed 
300 |a 155 p 
942 |c BK 
945 |d 19950309 00:00:00  |a aalvarez 
260 |a Madrid  |b Espasa-Calpe  |c 1965 
600 0 |a Isidoro de Sevilla, Santo  |9 313812 
583 |a last modification  |c 19950309 00:00:00  |k Rodrigo Vera 
490 0 |a Coleccion Austral, 527 
999 |c 232220  |d 232218 
952 |0 0  |1 0  |4 0  |6 235_200000000000000_QUI_1965  |7 0  |8 DER_HIS  |9 236316  |a BIBDER  |b BIBDER  |d 2019-11-15  |i 3061728  |o 235.2 QUI 1965  |p 3061728  |r 2023-01-25  |w 2019-11-15  |x Ubicación 4to Piso  |y BK  |z Estos recursos deben solicitarse con anticipación  |k DER